Rusko: skúsenosti z dvoch systémov

Saved in:
Bibliographic Details
Main Author: Sopková, Gabriela
Other Authors: Hlušková, Tatiana, 1987-, Jurišta, Ján
Format: Book
Language:Slovak
Published: Trenčín Nave Libre 2017
Edition:1. vydanie
Subjects:
Tags: Add Tag
No Tags, Be the first to tag this record!

MARC

LEADER 00000nam a2200000 4500
001 0241380
005 20240523110234.5
020 |a 978-80-971546-1-5 
041 0 |a slo 
044 |a SK 
245 1 0 |a Rusko: skúsenosti z dvoch systémov  |c Gabriela Sopková ; recenzenti: Tatiana Hlušková, Ján Jurišta 
250 |a 1. vydanie 
264 1 |a Trenčín  |b Nave Libre  |c 2017 
300 |a 148 s. [6,60 AH] 
610 2 0 |a Rusko 
610 2 0 |a história 
610 2 0 |a dejiny 
610 2 0 |a ZSSR 
610 2 0 |a politika medzinárodná 
610 2 0 |a vzťahy medzinárodné 
610 2 0 |a hospodárstvo národné 
610 2 0 |a situácia hospodárska 
610 2 0 |a socializmus 
610 2 0 |a kapitalizmus 
610 2 0 |a USA 
100 1 |a Sopková, Gabriela 
700 1 |a Hlušková, Tatiana, 1987- 
700 1 |a Jurišta, Ján